Poets of the English language / (Record no. 19806)
[ view plain ]
| 000 -LEADER | |
|---|---|
| fixed length control field | 01015nam a22002771 4500 |
| 001 - CONTROL NUMBER | |
| control field | 19806 |
| 003 - CONTROL NUMBER IDENTIFIER | |
| rucl marc code | BD-RjUL |
| 005 - DATE AND TIME OF LATEST TRANSACTION | |
| control field | 20211209000500.0 |
| 008 - FIXED-LENGTH DATA ELEMENTS--GENERAL INFORMATION | |
| fixed length control field | 140225s1952 enk 001 p eng |
| 035 ## - SYSTEM CONTROL NUMBER | |
| System control number | (BD-RjUL)19867 |
| System control number | (OCoLC)3137859 |
| 040 ## - CATALOGING SOURCE | |
| Original cataloging agency | DLC |
| Transcribing agency | ScU |
| Modifying agency | ScU |
| -- | OCoLC |
| -- | Uk |
| -- | OCoLC |
| -- | DLC |
| -- | BD-RjUL |
| Language of cataloging | eng |
| 041 ## - LANGUAGE CODE | |
| Language code of text/sound track or separate title | eng |
| 082 ## - DEWEY DECIMAL CLASSIFICATION NUMBER | |
| Classification number | 821.082 |
| Author mark and year | POE V-2 1952 |
| 245 00 - TITLE STATEMENT | |
| Title | Poets of the English language / |
| Statement of responsibility, etc. | edited by W. H. Auden and Norman Holmes Pearson. |
| Number of part/section of a work | II |
| Name of part/section of a work | Marlowe to Marvell |
| 260 ## - PUBLICATION, DISTRIBUTION, ETC. (IMPRINT) | |
| Place of publication, distribution, etc. | London : |
| Name of publisher, distributor, etc. | Eyre & Spottiswoode, |
| Date of publication, distribution, etc. | 1952. |
| 300 ## - PHYSICAL DESCRIPTION | |
| Pagination | xlv, 556 p. ; |
| Size | 19 cm. |
| 505 0# - FORMATTED CONTENTS NOTE | |
| Formatted contents note | v. 1. Langland to Spenser.--v. 2. Marlowe to Marvell.--v. 3. Milton to Goldsmith.--v. 4. Blake to Poe.--v. 5. Tennyson to Yeats. |
| 650 #0 - SUBJECT ADDED ENTRY--TOPICAL TERM | |
| Topical term or geographic name as entry element | English poetry |
| 9 (RLIN) | 60847 |
| Topical term or geographic name as entry element | American poetry |
| 9 (RLIN) | 60848 |
| 700 1# - ADDED ENTRY--PERSONAL NAME | |
| Personal name | Auden, W. H. |
| Dates associated with a name | 1907-1973, |
| Fuller form of name | (Wystan Hugh), |
| Personal name | Pearson, Norman Holmes, |
| Dates associated with a name | 1909-1975, |
| Relator term | joint ed. |
| 942 ## - ADDED ENTRY ELEMENTS (KOHA) | |
| Source of classification or shelving scheme | Dewey Decimal Classification |
| Koha item type | Books |
| Lost status | Source of classification or shelving scheme | Damaged status | Not for loan | Collection code | Permanent Location | Current Location | Shelving location | Date acquired | Source of acquisition | Cost, normal purchase price | Total Checkouts | Full call number | Date last seen | Copy number | Koha item type |
|---|---|---|---|---|---|---|---|---|---|---|---|---|---|---|---|
| Dewey Decimal Classification | Fiction | Central Library, University of Rajshahi | Central Library, University of Rajshahi | 15/10/1965 | Blackwell | 15.00 | 821.082 POE V-2 1952 | 25/02/2014 | C-6 | Books |